Представление документа в формате RUSMARC

ПолеНазваниеЗначение
  Тип записи c
  Библиографический уровень m
001 Контрольный номер RU/УОНБ/EK_N/682514189
005 Дата корректировки 20250520122556.5
010 Индекс ISBN __
9 Тираж 26830 экз.
013 Номер (ISMN) __
d Цена 1 р.
071 Издательские номер (звукозапись и ноты) 21
a Номер, присвоенный агентством 8014
100 Данные общей обработки __
a Данные общей обработки 20210817d1987 u y0rusy0189||||ca
101 Язык документа 0_
a Язык текста rus
f Язык титульного листа rus
102 Страна публикации __
a Страна публикации RU
105 Кодированные данные (монография) __
a Кодированные данные (монография) y###||||000|y
125 Кодированные данные звукозаписи и нотных изданий __
a Форма изложения нотного текста с|
128 Кодированные данные (звукозаписи-физические характеристики) __
a Кодированные данные: Музыкальная форма и тональность или лад ccn
c Инструменты или голоса, рекомендуемые для солистов (устаревшее) ka||
200 Заглавие и сведения об ответственности 1_
a Заглавие Песни наших побед
b Общее обозначение материала Ноты
e Сведения, относящиеся к заглавию перелож. для фп. [с надпис. текстом]
f Первые сведения об ответственности сост. Ю. Комальков
210 Выходные данные 1_
a Место издания Москва
c Издательство Советский композитор
d Дата издания 1987
215 Физическое описание __
a Объем 72 с.
d Формат 29 см
327 Примечание о содержании 11
a Примечание о содержании Содерж. : Песни революции и гражданской войны : Дегейтер П. Интернационал / сл. Э. Потье ; рус. текст А. Коца. - Радин Л. Смело, товарищи, в ногу! / сл. Л. Радина. - Мы-кузнецы / мелодия неизв. авт. ; сл. Ф. Шкулева. - Смело мы в бой пойдем ; Мы, красные солдаты / муз. и сл. неизв. авт. - Песни предвоенных лет : Дунаевский И. Марш энтузиастов : из кф. "Светлый путь" / сл. А. Д'Актиля. - Блантер М. Катюша / сл. М. Исаковского. - Шостакович Д. Песня о встречном / сл. Б. Корнилова. - Покрасс Дм. и Дан. Москва майская / сл. В. Лебедева-Кумача. - Песни Великой Отечественной войны : Александров А. В. Священная война / сл. В. Лебедева-Кумача. - Агапкин В. Марш / сл. В. Лазарева. - Хренников Т. Прощание / сл. Ф. Кравченко. - Кац С. Шумел сурово брянский лес / сл. А. Софронова. - Хренников Т. Песня артиллеристов : из кф. "В шесть часов вечера после войны" / сл. В. Гусева. - Жак И. Бескозырка / сл. Н. Верховского. - Песня о двадцати восьми / муз. неизв. авт. ; сл. А. Софронова. - Бирюков Ю. Ты, крылатая песня, слетай : песня-романс из кф. "Жди меня" / сл. А. Апсолона и К. Симонова. - Песни послевоенных лет : Шостакович Д. Родина слышит / сл. Е. Долматовского. - Окуджава Б. Нам нужна одна победа : песня из кф. "Белорусский вокзал" / сл. Б. Окуджавы. - Ножкин М. Последний бой : песня из кф. "Освобождение" / сл. М. Ножкина. - Эшпай А. Москвичи / сл. Е. Винокурова ; Непришедшие с войны : песня из кф. "Парашюты на деревьях" / сл. Г. Буравкина ; рус. текст Г. Куренева ; Послевоенная песня / сл. Р. Рождественского. - Долуханян А. Рязанские мадонны / сл. А. Поперечного. - Фрадкин М. За фабричной заставой : песня из кф. "Они были первыми" / сл. Е. Долматовского. - Колианиди С. Аджимушкай / сл. Б. Сермана. - Абрамов А. Годы огневые / сл. В. Соколова. - Тухманов Д. Вальс ; День Победы / сл. В. Харитонова. - Пахмутова А. Пока не поздно / сл. Н. Добронравова.
464 Аналитический уровень _0
1 2001
a Интернационал
e Вставай, проклятьем заклейменный...
1 700 1
a Дегейтер
b П.
1 702 1
a Потье
b Э.
4 520
1 702 1
a Коц
b А.
4 730
464 Аналитический уровень _0
1 2001
a Смело, товарищи, в ногу!
e Смело, товарищи, в ногу!..
1 700 1
a Радин
b Л.
1 702 1
a Радин
b Л.
4 520
464 Аналитический уровень _0
1 2001
a Мы-кузнецы
e Мы-кузнецы, и дух наш молод...
1 700 1
a Мелодия неизвестного автора
1 702 1
a Шкулев
b Ф.
4 520
464 Аналитический уровень _0
1 2001
a Смело мы в бой пойдем
e Слушай, рабочий...
1 700 1
a Музыка неизвестного автора
1 702 1
a Слова неизвестного автора
4 520
464 Аналитический уровень _0
1 2001
a Марш энтузиастов
e В буднях великих строек...
e из кф. "Светлый путь"
1 700 1
a Дунаевский
b И.
1 702 1
a Д'Актиль
b А.
4 520
1 50010
a Светлый путь
464 Аналитический уровень _0
1 2001
a Катюша
e Расцветали яблони и груши...
1 700 1
a Блантер
b М.
1 702 1
a Исаковский
b М.
4 520
464 Аналитический уровень _0
1 2001
a Песня о встречном
e Нас утро встречает прохладой...
1 700 1
a Шостакович
b Д.
1 702 1
a Корнилов
b Б.
4 520
464 Аналитический уровень _0
1 2001
a Москва майская
e Утро красит нежным светом...
1 700 1
a Покрасс
b Дм. и Дан.
1 702 1
a Лебедев-Кумач
b В.
4 520
464 Аналитический уровень _0
1 2001
a Священная война
e Вставай, страна огромная...
1 700 1
a Александров
b А. В.
1 702 1
a Лебедев-Кумач
b В.
4 520
464 Аналитический уровень _0
1 2001
a Марш
e Наступает минута прощания...
1 700 1
a Агапкин
b В.
1 702 1
a Лазарев
b В.
4 520
464 Аналитический уровень _0
1 2001
a Прощание
e Иди, любимый мой, родной!..
1 700 1
a Хренников
b Т.
1 702 1
a Кравченко
b Ф.
4 520
464 Аналитический уровень _0
1 2001
a Шумел сурово брянский лес
e Шумел сурово брянский лес...
1 700 1
a Кац
b С.
1 702 1
a Софронов
b А.
4 520
464 Аналитический уровень _0
1 2001
a Песня артиллеристов
e Горит в сердцах у нас любовь к земле родимой...
e из кф. "В шесть часов вечера после войны"
1 700 1
a Хренников
b Т.
1 702 1
a Гусев
b В.
4 520
1 50010
a В шесть часов вечера после войны
464 Аналитический уровень _0
1 2001
a Бескозырка
e В наших кубриках с честью, в почете...
1 700 1
a Жак
b И.
1 702 1
a Верховский
b Н.
4 520
464 Аналитический уровень _0
1 2001
a Песня о двадцати восьми
e Кружилась в поле злая осень...
1 700 1
a Музыка неизвестного автора
1 702 1
a Софронов
b А.
4 520
464 Аналитический уровень _0
1 2001
a Ты, крылатая песня, слетай
e Ты, крылатая песня, слетай...
e песня-романс из кф. "Жди меня"
1 700 1
a Бирюков
b Ю.
1 702 1
a Апсолон
b А.
4 520
1 702 1
a Симонов
b К.
4 520
1 50010
a Жди меня
464 Аналитический уровень _0
1 2001
a Родина слышит
e Родина слышит...
1 700 1
a Шостакович
b Д.
1 702 1
a Долматовский
b Е.
4 520
464 Аналитический уровень _0
1 2001
a Нам нужна одна победа
e Здесь птицы не поют...
e песня из кф. "Белорусский вокзал"
1 700 1
a Окуджава
b Б.
1 702 1
a Окуджава
b Б.
4 520
1 50010
a Белорусский вокзал
464 Аналитический уровень _0
1 2001
a Последний бой
e Мы так давно, мы так давно не отдыхали...
e песня из кф. "Освобождение"
1 700 1
a Ножкин
b М.
1 702 1
a Ножкин
b М.
4 520
1 50010
a Освобождение
464 Аналитический уровень _0
1 2001
a Москвичи
e В полях за Вислой сонной...
1 700 1
a Эшпай
b А.
1 702 1
a Винокуров
b Е.
4 520
464 Аналитический уровень _0
1 2001
a Рязанские мадонны
e Ты встаешь, как из тумана...
1 700 1
a Долуханян
b А.
1 702 1
a Поперечный
b А.
4 520
464 Аналитический уровень _0
1 2001
a За фабричной заставой
e За фабричной заставой...
e песня из кф. "Они были первыми"
1 700 1
a Фрадкин
b М.
1 702 1
a Долматовский
b Е.
4 520
1 50010
a Они были первыми
464 Аналитический уровень _0
1 2001
a Аджимушкай
e Легенда-быль, не умолкай веками...
1 700 1
a Колианиди
b С.
1 702 1
a Серман
b Б.
4 520
464 Аналитический уровень _0
1 2001
a Годы огневые
e Смотрит с фотографий пожелтевших...
1 700 1
a Абрамов
b А.
1 702 1
a Соколов
b В.
4 520
464 Аналитический уровень _0
1 2001
a Вальс
e Легкий школьный вальс тоже был у нас...
1 700 1
a Тухманов
b Д.
1 702 1
a Харитонов
b В.
4 520
464 Аналитический уровень _0
1 2001
a Пока не поздно
e Пока планета еще жива...
1 700 1
a Пахмутова
b А.
1 702 1
a Добронравов
b Н.
4 520
464 Аналитический уровень _0
1 2001
a Мы, красные солдаты
e С помещиком, банкиром...
1 700 1
a Музыка неизвестного автора
1 702 1
a Слова неизвестного автора
4 520
464 Аналитический уровень _0
1 2001
a Непришедшие с войны
e Смыта гарь войны-пожарища...
e песня из кф. "Парашюты на деревьях"
1 700 1
a Эшпай
b А.
1 702 1
a Буравкин
b Г.
4 520
1 702 1
a Куренев
b Г.
4 730
1 50010
a Парашюты на деревьях
464 Аналитический уровень _0
1 2001
a Послевоенная песня
e Задохнулись канонады...
1 700 1
a Эшпай
b А.
1 702 1
a Рождественский
b Р.
4 520
464 Аналитический уровень _0
1 2001
a День Победы
e День Победы, как он был от нас далек...
1 700 1
a Тухманов
b Д.
1 702 1
a Харитонов
b В.
4 520
512 Заглавие обложки 1_
a Заглавие обложки Песни наших побед
606 Тематические рубрики 0_
a Основная рубрика Фортепианная музыка
x Основная подрубрика Песни советских композиторов
610 Ключевые слова 1_
a Ключевые слова песни советских композиторов
610 Ключевые слова 0_
a Ключевые слова фортепиано
686 Индексы других классификаций __
a Классификационный индекс 85.954.2-094(2)я43
2 Код системы rubbk
702 Вторичная интеллектуальная ответственность _1
a Фамилия Комальков
b Имя (инициалы) Ю. К.
4 Код отношения 220
801 Источник записи _0
a Страна RU
b Организация Ульяновская ОНБ
c Дата составления 20210817
g Правила каталогизации RCR
801 Источник записи _1
a Страна RU
b Организация Ульяновская ОНБ
c Дата составления 20210817
g Правила каталогизации RCR
901 Тип документа __
t Тип документа m
909 Создатель записи __
a Создатель записи Грязнова И. Е.
938 Служебная информация __
a Имя БД noti
b Имя библиотеки УОНБ
c Имя АИБС МАРК-SQL
d Номер DOC_ID в БД 24417